书目信息 |
| 题名: |
英汉经济贸易习语词典
|
|
| 作者: | 杨盛林 主编 | |
| 分册: | ||
| 出版信息: | 北京 机械工业出版社 1932 |
|
| 页数: | 402页 | |
| 开本: | 32开 | |
| 丛书名: | ||
| 单 册: | ||
| 中图分类: | F-61 | |
| 科图分类: | ||
| 主题词: | 经济 | |
| 电子资源: | ||
| ISBN: | 7-111-07540-4 | |
| 000 | 00558nam0 2200193 45 | |
| 001 | 0011291767 | |
| 005 | 20001129170747.6 | |
| 010 | @a7-111-07540-4@d32.00元 | |
| 100 | @a20001129d1932 km y0chiy0120 ea | |
| 101 | 0 | @achi |
| 105 | @a z 000yy | |
| 200 | 1 | @a英汉经济贸易习语词典@AYing Han Jing Ji Mao Yi Xi Yu Ci Dian@f杨盛林主编@FYang Sheng Lin Zhu Bian |
| 210 | @a北京@c机械工业出版社@d1932 | |
| 215 | @a402页@d32开 | |
| 606 | 0 | @a经济 |
| 690 | @aF-61@v3 | |
| 701 | 0 | @a杨盛林@4主编 |
| 801 | @aCN@bPftUser@c20001129 | |
| 905 | @b507599-601@dF-61@eY461@f3 | |
| 英汉经济贸易习语词典/杨盛林主编.-北京:机械工业出版社,1932 |
| 402页;32开 |
| ISBN 7-111-07540-4:32.00元 |
| ● |
| 相关链接 |
|
|
|
正题名:英汉经济贸易习语词典
索取号:F-61/Y461
 
预约/预借
| 序号 | 登录号 | 条形码 | 馆藏地/架位号 | 状态 | 备注 |
| 1 | 507599 | 205075997 | 社科库409/409社科库 61排1列2层/ [索取号:F-61/Y461] | 在馆 | |
| 2 | 507600 | 205076004 | 社科二线422/422社科库 52排6列1层/ [索取号:F-61/Y461] | 在馆 | |
| 3 | 507601 | 205076013 | 社科二线422/422社科库 28排1列2层/ [索取号:F-61/Y461] | 在馆 |